Normal view
MARC view
Entry Topical Term
001 - CONTROL NUMBER
- control field: 29065
003 - CONTROL NUMBER IDENTIFIER
- control field: ARRUPE
005 - DATE AND TIME OF LATEST TRANSACTION
- control field: 20170224085535.0
008 - FIXED-LENGTH DATA ELEMENTS
- fixed length control field: 170224|| aca||aabn | a|a d
040 ## - CATALOGING SOURCE
- Original cataloging agency: ARRUPE
- Transcribing agency: ARRUPE
150 ## - HEADING--TOPICAL TERM
- Topical term or geographic name as entry element: Imperial federation.
670 ## - SOURCE DATA FOUND
- Source citation: Work cat.: (ARRUPE)0: Williamson, James Alexander, 1886- 29063, A notebook of Commonwealth history, 1967.